Les surnoms des sélections nationales de Football - Mort Subite - Statistiques

Statistiques générales
  • Ce quiz a été pris 287 fois
  • Le résultat moyen est 10 sur 15
Answers on the Grid
Answers color-coded by a green-red scale on the quiz's grid according to % correct below.
Les Bleus
Les Panthères
Les Fennecs
La Roja
Les Diables Rouges
La Nati
Les Bafana-Bafana
La Squadra Azzura
Les Socceroos
Les Lions de l'Atlas
Les Blacks Stars
Les Oranje
Les éléphants
The Three Lions
L'Albiceleste
Les Requins du Delta
Les Ours Gris
Les Béliers
Etoiles de l'Est
Montagnes Blanches
Les Aigles Verts
Les Cerveaux Casqués
Die WaldenNation
Los Pinchos Dorados
The Blues Skies
O Selinho
Les Marines-Marins
Les Saint Africains
La Moldare
Les Roches de Monaco
 
Statistiques - réponses
Réponse % Correct
La Roja
85%
Les Bleus
85%
Les Diables Rouges
79%
Les Lions de l'Atlas
79%
Les Fennecs
77%
The Three Lions
75%
Les éléphants
74%
L'Albiceleste
73%
La Squadra Azzura
73%
La Nati
62%
Les Oranje
57%
Les Panthères
51%
Les Bafana-Bafana
47%
Les Blacks Stars
43%
Les Socceroos
21%
Aucun quiz correspondant
Distribution des résultats
% des personnes avec chaque résultat
Percentile par nombre de réponses
Votre historique - résultats
Vous n’avez pas pris ce quiz